Statistics for Countries of the World Trivia (Very Difficult)

Click here to take the quiz!

General Stats

  • This quiz has been taken 111 times
  • The average score is 6 of 15

Answer Stats

hintAnswer% Correct
Has the highest non-religious populationChina
75%
Is the newest country in the worldSouth Sudan
68%
Is home to the rarest animal in the world, the Northern Hairy-Nosed WombatAustralia
64%
Is home to the Atacama DesertChile
59%
Requires every citizen to have access to a bomb shelterSwitzerland
57%
Does not contain letters from the word "geography"Fiji
51%
Has the largest proportion of BuddhistsCambodia
47%
Capitol located on the slopes of Monte TitanoSan marino
47%
Oldest country in the worldEgypt
44%
Most expensive country to live in the worldSingapore
43%
Has the largest overweight population by proportionNauru
36%
Green yellow and blue striped flagGabon
20%
Uses the currency "Lempira"Honduras
18%
Cheapest country to live in the worldSouth Africa
13%
Has the highest female population in comparison to their male populationLatvia
7%

Score Distribution

Percentile by Number Answered

Percent of People with Each Score

Your Score History

You have not taken this quiz